000
00418nam a2200145Ia 4500
008
100204s9999 xx 000 0 und d
082
_b
3938
100
_a
लागू चिंतामणी
245
_a
व्हीनस
260
_b
"दिलिप प्रकाशन , मुंबई"
_c
1981
300
_a
178
630
_a
व्हीनस
730
_a
व्हीनस
942
_c
BOOK
999
_c
448801
_d
448798